[Event "Olimpiade 2014 - Open"]
[Site "Tromsø"]
[Date "12.08.2014"]
[Round "10.24"]
[Board "3"]
[White "Idani, Pouya"]
[Black "Adly, Ahmed"]
[Result "0-1"]
[WhiteTitle "IM"]
[BlackTitle "GM"]
[WhiteElo "2499"]
[BlackElo "2589"]
[WhiteTeam "Iran"]
[BlackTeam "Egypt"]
[WhiteFideId "12510130"]
[BlackFideId "10601619"]
[EventDate "2014.08.02"]

1. e4 c6 2. d4 d5 3. e5 Bf5 4. Nf3 e6 5. Be2 c5 6. c3 Nd7 7. O-O Ne7 8. a3 Nc6
9. b4 c4 10. Nbd2 Be7 11. Ne1 f6 12. exf6 Nxf6 13. f4 Bd6 14. a4 Qc7 15. g3 h6
16. b5 Ne7 17. Ba3 g5 18. Bxd6 Qxd6 19. Ng2 g4 20. Nh4 Kf7 21. Re1 h5 22. Bf1
Ng6 23. Nxg6 Kxg6 24. Bg2 h4 25. Nf1 hxg3 26. hxg3 Rh5 27. Re5 Rah8 28. Ra2 Kf7
29. Rae2 Qa3 30. Qe1 Be4 31. Rxh5 Rxh5 32. Bxe4 Nxe4 33. Re3 Qb2 34. Rxe4 dxe4
35. Qxe4 Qxc3 36. Qxb7+ Kf6 37. Qd7 Rd5 38. Qh7 Qxd4+ 39. Kg2 Qd3 0-1

[Event "Olimpiade 2014 - Open"]
[Site "Tromsø"]
[Date "12.08.2014"]
[Round "10.24"]
[Board "4"]
[White "El Gindy, Essam"]
[Black "Golizadeh, Asghar"]
[Result "1/2-1/2"]
[WhiteTitle "GM"]
[BlackTitle "GM"]
[WhiteElo "2486"]
[BlackElo "2490"]
[WhiteTeam "Egypt"]
[BlackTeam "Iran"]
[WhiteFideId "10600140"]
[BlackFideId "12505269"]
[EventDate "2014.08.02"]

1. d4 Nf6 2. c4 e6 3. Nc3 Bb4 4. Qc2 O-O 5. e4 d5 6. e5 Ne4 7. Bd3 c5 8. Nf3
cxd4 9. Nxd4 Nd7 10. Bf4 Qh4 11. g3 Qh5 12. O-O g5 13. cxd5 gxf4 14. Nxe4 exd5
15. Nf6+ Nxf6 16. exf6 Bh3 17. Rfd1 Rac8 18. Qb3 fxg3 19. hxg3 Bc5 20. Ne2 Kh8
21. Bb5 Qf5 22. Nf4 Rg8 23. Qf3 Rxg3+ 24. Qxg3 Rg8 25. Qxg8+ Kxg8 26. Nxh3 Qxh3
27. Rd3 Qh4 28. Rf1 Kf8 29. Kg2 Qe4+ 30. Rf3 Bd6 31. Bd7 Qg6+ 32. Kh1 Qe4 33.
Kg2 Qg6+ 34. Kh1 Be5 35. Re1 Qh6+ 36. Bh3 Bxf6 37. Kg2 Bxb2 38. Bd7 Be5 39. Rf5
Qh2+ 40. Kf3 Qh3+ 41. Ke2 Qg4+ 42. Kf1 Qh3+ 43. Ke2 Qc3 44. Kf1 Qc7 45. Rexe5
Qxd7 46. Rxd5 Qa4 47. Rd2 Qa6+ 48. Re2 Qh6 49. Re3 Qh1+ 50. Ke2 Qb1 51. Ra5 a6
52. a3 Qc2+ 53. Ke1 Qc1+ 54. Ke2 Qc4+ 55. Ke1 f6 56. Rh5 Qc1+ 57. Ke2 Qc2+ 58.
Ke1 b5 59. Reh3 Qe4+ 60. Kf1 Kg7 61. Rg3+ Kf7 62. Rgh3 Qb1+ 63. Kg2 Kg7 64. Rg3+
Kh8 65. Rh4 Qf5 66. Rd4 h5 67. a4 Kh7 68. axb5 Qxb5 69. Ra3 Qg5+ 70. Rg3 Qf5 71.
Ra3 Qg5+ 72. Rg3 Qc5 73. Rd7+ Kh6 74. Rdg7 Qd5+ 75. f3 Qa2+ 76. Kh1 Qb1+ 77. Kh2
Qc2+ 78. Rg2 Qf5 79. Rg8 Qe5+ 80. Kh3 Qe6+ 81. Kh2 Qe5+ 82. Kh3 Qf5+ 83. Kh2
Qf4+ 84. R2g3 Qd2+ 85. Rg2 Qd6+ 86. R2g3 Qd2+ 87. Rg2 Qf4+ 88. R2g3 Qd2+ 89. Rg2
Qd6+ 90. R2g3 1/2-1/2

[Event "Olimpiade 2014 - Open"]
[Site "Tromsø"]
[Date "12.08.2014"]
[Round "10.25"]
[Board "1"]
[White "Bachmann, Axel"]
[Black "Bologan, Viktor"]
[Result "0-1"]
[WhiteTitle "GM"]
[BlackTitle "GM"]
[WhiteElo "2644"]
[BlackElo "2654"]
[WhiteTeam "Paraguay"]
[BlackTeam "Moldova"]
[WhiteFideId "3700488"]
[BlackFideId "13900048"]
[EventDate "2014.08.02"]

1. d4 d5 2. c4 c6 3. Nf3 Nf6 4. g3 Bf5 5. Nh4 Be4 6. f3 Bxb1 7. Rxb1 e6 8. e3
Be7 9. c5 a5 10. a3 a4 11. b4 axb3 12. Rxb3 Qc7 13. Bd2 Nbd7 14. Qb1 Ra7 15. Bd3
O-O 16. O-O Rfa8 17. Rc1 Nf8 18. Qb2 N6d7 19. f4 Bxh4 20. gxh4 Ng6 21. Be1 Qd8
22. h5 Nh4 23. Be2 Nf5 24. Rb1 g6 25. Bg4 Qf6 26. Bf2 Kh8 27. Kh1 Rb8 28. Qe2
Ng7 29. hxg6 hxg6 30. e4 dxe4 31. Rh3+ Kg8 32. Bh4 Qxf4 33. Rf1 Qc7 34. Bg3 Qd8
35. Qxe4 Rba8 36. Qf4 f5 37. Bf3 g5 38. Qd2 Rxa3 39. Rh6 Nxc5 40. Rg6 Rxf3 41.
Rxf3 Ne4 42. Qb2 Kh7 43. Rxg7+ Kxg7 44. Be5+ Kg6 45. Qxb7 Nf6 46. Qxc6 Qd5 47.
Qxd5 Nxd5 48. h3 f4 49. Rb3 Kf5 50. Kg2 Ra2+ 0-1

[Event "Olimpiade 2014 - Open"]
[Site "Tromsø"]
[Date "12.08.2014"]
[Round "10.25"]
[Board "3"]
[White "Vazquez, Guillermo"]
[Black "Hamitevici, Vladimir"]
[Result "1-0"]
[WhiteTitle "FM"]
[BlackTitle "IM"]
[WhiteElo "2323"]
[BlackElo "2467"]
[WhiteTeam "Paraguay"]
[BlackTeam "Moldova"]
[WhiteFideId "3702308"]
[BlackFideId "13902393"]
[EventDate "2014.08.02"]

1. e4 c6 2. Nf3 d5 3. Nc3 a6 4. d4 Bg4 5. h3 Bh5 6. g4 Bg6 7. Ne5 Bxe4 8. Nxe4
dxe4 9. c3 Qb6 10. Bg2 Nf6 11. g5 Nfd7 12. Nc4 Qd8 13. Qg4 b5 14. Nd2 h5 15. Qe2
g6 16. Nxe4 Bg7 17. f4 e6 18. Nd6+ Ke7 19. f5 Kxd6 20. Bf4+ Ke7 21. f6+ Nxf6 22.
gxf6+ Bxf6 23. O-O Rh7 24. Qf2 Nd7 25. Bxc6 Rc8 26. d5 exd5 27. Rae1+ Kf8 28.
Bd6+ Kg8 29. Bxd7 Qxd7 30. Qxf6 Qxh3 31. Re7 Rf8 32. Rf3 Qg4+ 33. Rg3 Qd1+ 34.
Kh2 Qb1 35. Re1 Qxe1 36. Rxg6+ fxg6 37. Qxf8# 1-0

[Event "Olimpiade 2014 - Open"]
[Site "Tromsø"]
[Date "12.08.2014"]
[Round "10.25"]
[Board "4"]
[White "Sanduleac, Vasile"]
[Black "Latorre, Matias"]
[Result "0-1"]
[WhiteTitle "GM"]
[BlackTitle "FM"]
[WhiteElo "2396"]
[BlackElo "2277"]
[WhiteTeam "Moldova"]
[BlackTeam "Paraguay"]
[WhiteFideId "13900161"]
[BlackFideId "3701107"]
[EventDate "2014.08.02"]

1. e4 e6 2. d3 d5 3. Nd2 Nf6 4. Ngf3 Nc6 5. c3 Bd6 6. Be2 O-O 7. O-O a5 8. Qc2
Re8 9. Re1 e5 10. Nf1 h6 11. Ng3 Ne7 12. exd5 Nexd5 13. Bf1 Bg4 14. Nd2 c6 15.
Nc4 Bc7 16. h3 Bd7 17. a4 b5 18. Nd2 Nf4 19. Nf3 N6d5 20. d4 exd4 21. Rxe8+ Qxe8
22. Nxd4 bxa4 23. Bd2 c5 24. Re1 Qb8 25. Ndf5 Qf8 26. c4 Nb4 27. Qe4 Ne6 28. Nh5
Ra6 29. Bxh6 gxh6 30. Nf6+ Kh8 31. Nxd7 Qd8 32. Ne5 Qf6 33. Ng4 Qxb2 34. Nfxh6
Qd4 35. Qf5 Qf4 36. Qh5 Ng7 37. Qh4 Rxh6 38. Qxh6+ Qxh6 39. Nxh6 a3 40. Bd3 Bf4
41. Nxf7+ Kg8 42. Bg6 a2 43. Nd8 a4 44. Nb7 Ne6 45. Be4 Nd4 46. Nxc5 Bc1 0-1

[Event "Olimpiade 2014 - Open"]
[Site "Tromsø"]
[Date "12.08.2014"]
[Round "10.26"]
[Board "1"]
[White "Amonatov, Farrukh"]
[Black "Ly, Moulthun"]
[Result "1-0"]
[WhiteTitle "GM"]
[BlackTitle "IM"]
[WhiteElo "2590"]
[BlackElo "2462"]
[WhiteTeam "Tajikistan"]
[BlackTeam "Australia"]
[WhiteFideId "14700077"]
[BlackFideId "3204405"]
[EventDate "2014.08.02"]

1. e4 c5 2. Nf3 e6 3. d4 cxd4 4. Nxd4 Nc6 5. Nc3 Qc7 6. Be3 a6 7. Qd2 Nf6 8.
O-O-O Be7 9. f3 b5 10. Kb1 O-O 11. g4 Nxd4 12. Bxd4 Bb7 13. Bd3 Rac8 14. e5 Nd5
15. Ne4 f6 16. exf6 Bxf6 17. Nxf6+ Nxf6 18. Rhf1 e5 19. Bc3 d5 20. Bf5 Rce8 21.
Rde1 d4 22. Bb4 Rf7 23. f4 e4 24. Qxd4 Bc8 25. Bxe4 Rd8 26. Qc3 Qxc3 27. Bxc3
Nxe4 28. Rxe4 Bxg4 29. Rfe1 Rfd7 30. b3 Rd1+ 31. Kb2 Rxe1 32. Rxe1 g6 33. Re7
Rd7 34. Re8+ Kf7 35. Ra8 Rd6 36. Ra7+ Ke6 37. Rxh7 Rc6 38. Be5 Bf5 39. c3 Kd5
40. Rh8 Ke4 41. Rd8 Be6 42. h4 Kf5 43. Ka3 Kg4 44. Rh8 Bf5 45. Rh6 Re6 46. Kb4
Re8 47. Ka5 Bd3 48. a3 Rd8 49. b4 Kf5 50. h5 g5 51. Bf6 1-0

[Event "Olimpiade 2014 - Open"]
[Site "Tromsø"]
[Date "12.08.2014"]
[Round "10.26"]
[Board "2"]
[White "Illingworth, Max"]
[Black "Khusenkhojaev, Muhammad"]
[Result "1-0"]
[WhiteTitle "IM"]
[BlackTitle "IM"]
[WhiteElo "2439"]
[BlackElo "2410"]
[WhiteTeam "Australia"]
[BlackTeam "Tajikistan"]
[WhiteFideId "3205207"]
[BlackFideId "14700247"]
[EventDate "2014.08.02"]

1. c4 Nf6 2. Nc3 d5 3. cxd5 Nxd5 4. e4 Nxc3 5. bxc3 g6 6. Nf3 Bg7 7. Be2 c5 8.
O-O O-O 9. d4 cxd4 10. cxd4 Nc6 11. Be3 Bg4 12. d5 Bxf3 13. Bxf3 Bxa1 14. Qxa1
Na5 15. Bh6 f6 16. Bg4 Nc4 17. Be6+ Kh8 18. Rc1 b5 19. h4 Qd6 20. h5 Rg8 21. a4
a6 22. Bxg8 Rxg8 23. axb5 axb5 24. hxg6 Rxg6 25. Qa8+ Rg8 26. Qc6 Qe5 27. Qe6
Qh5 28. Bf4 Qf3 29. Qxg8+ 1-0

[Event "Olimpiade 2014 - Open"]
[Site "Tromsø"]
[Date "12.08.2014"]
[Round "10.26"]
[Board "3"]
[White "Isaev, Jamshed"]
[Black "Ikeda, Junta"]
[Result "0-1"]
[WhiteTitle "IM"]
[BlackTitle "FM"]
[WhiteElo "2337"]
[BlackElo "2402"]
[WhiteTeam "Tajikistan"]
[BlackTeam "Australia"]
[WhiteFideId "14700050"]
[BlackFideId "3204731"]
[EventDate "2014.08.02"]

1. e4 c5 2. Nf3 e6 3. d4 cxd4 4. Nxd4 a6 5. Nc3 b5 6. Bd3 Qb6 7. Be3 Bc5 8. Qg4
Bxd4 9. e5 Nc6 10. Qxg7 Bxe5 11. Qxe5 Nxe5 12. Bxb6 Bb7 13. Bd4 f6 14. Ne4 Bxe4
15. Bxe4 d5 16. Bd3 Ne7 17. Be2 Nf5 18. Bxe5 fxe5 19. c3 Ke7 20. a4 b4 21. Kd2
Rhb8 22. Rab1 Ra7 23. Rhc1 a5 24. Bd1 Nd6 25. Ke1 Ne4 26. cxb4 Rxb4 27. Rc8 Rab7
28. f3 Nf6 29. Ra8 Rxb2 30. Rxb2 Rxb2 31. Be2 e4 32. Rxa5 e3 33. g4 d4 34. Bd3
Nd5 35. Rxd5 exd5 36. Bxh7 Rxh2 37. Bd3 Rd2 38. Bb5 Kd6 39. f4 Kc5 40. g5 d3 41.
g6 Kd4 42. f5 Rh2 0-1

[Event "Olimpiade 2014 - Open"]
[Site "Tromsø"]
[Date "12.08.2014"]
[Round "10.26"]
[Board "4"]
[White "Smirnov, Anton"]
[Black "Khamdamov, Suhrob"]
[Result "1-0"]
[WhiteTitle "FM"]
[BlackTitle "IM"]
[WhiteElo "2334"]
[BlackElo "2301"]
[WhiteTeam "Australia"]
[BlackTeam "Tajikistan"]
[WhiteFideId "3208923"]
[BlackFideId "14700042"]
[EventDate "2014.08.02"]

1. d4 Nf6 2. c4 g6 3. Nc3 Bg7 4. e4 d6 5. Nf3 O-O 6. Be2 Bg4 7. Be3 Nfd7 8. Qd2
e5 9. O-O-O Nc6 10. d5 Bxf3 11. dxc6 Bxe2 12. cxb7 Rb8 13. Qxe2 Rxb7 14. c5 dxc5
15. Qa6 Rb4 16. Qc6 Rd4 17. Bxd4 cxd4 18. Nd5 Nb8 19. Qc2 c6 20. Nb4 Qg5+ 21.
Kb1 Qxg2 22. Rhg1 Qxh2 23. Nd3 Qh4 24. f3 Qf6 25. Qe2 Nd7 26. Rc1 Rb8 27. Ka1 h5
28. Rc4 Bh6 29. a3 a5 30. Rf1 Nb6 31. Rc5 Bf8 32. Rc2 Na4 33. Rc4 Nb6 34. Rc2 c5
35. Nxc5 Kg7 36. Qb5 d3 37. Nxd3 Bd6 38. Rc6 Qd8 39. Rd1 Qe8 40. Nf2 Bf8 41.
Rdc1 Nd7 42. Qxa5 Be7 43. Qc3 Bg5 44. Rd1 Nf8 45. Nh3 Bf6 46. Nf4 Bh4 47. Nd5
Bf2 48. Nc7 Qe7 49. Ne6+ Nxe6 50. Qxe5+ Qf6 51. Qxb8 Qxf3 52. Qe5+ Kh7 53. Rd7
Kh6 54. Rc8 1-0

[Event "Olimpiade 2014 - Open"]
[Site "Tromsø"]
[Date "12.08.2014"]
[Round "10.28"]
[Board "1"]
[White "Lenic, Luka"]
[Black "Wiedenkeller, Michael"]
[Result "1-0"]
[WhiteTitle "GM"]
[BlackTitle "IM"]
[WhiteElo "2659"]
[BlackElo "2471"]
[WhiteTeam "Slovenia"]
[BlackTeam "Luxembourg"]
[WhiteFideId "14603853"]
[BlackFideId "1700146"]
[EventDate "2014.08.02"]

1. d4 Nf6 2. c4 e6 3. Nc3 Bb4 4. e3 O-O 5. Bd3 d5 6. Nf3 c5 7. O-O Nc6 8. a3
Bxc3 9. bxc3 Qc7 10. Bb2 dxc4 11. Bxc4 e5 12. h3 Bf5 13. Bb5 e4 14. Nd2 Na5 15.
c4 cxd4 16. Bxd4 Rad8 17. Qc2 a6 18. Ba4 Rc8 19. Rfc1 Qe7 20. Qb2 Nc6 21. Bc3
Rfd8 22. Rab1 Rd7 23. Bxf6 gxf6 24. Nb3 Rd3 25. Bxc6 bxc6 26. Nd4 Qd7 27. Ne2
Rd2 28. Rc2 Rd1+ 29. Rxd1 Qxd1+ 30. Kh2 Qd6+ 31. Nf4 Rb8 32. Qc1 Qe5 33. Rd2 Kg7
34. Qc2 Bg6 35. Rd4 Qa5 36. c5 Qxa3 37. Ra4 Rb2 38. Qc4 Qb3 39. Qxb3 Rxb3 40.
Rxa6 Rb2 41. Kg3 Rc2 42. Rxc6 f5 43. Rc8 Kf6 44. h4 h5 45. c6 Ke5 46. c7 Kd6 47.
Nd5 Kxd5 48. Rd8+ Ke5 49. c8=Q Rxc8 50. Rxc8 f6 51. Rc5+ Ke6 52. Kf4 Bh7 53.
Rc6+ 1-0

[Event "Olimpiade 2014 - Open"]
[Site "Tromsø"]
[Date "12.08.2014"]
[Round "10.28"]
[Board "2"]
[White "Berend, Elvira"]
[Black "Beliavsky, Alexander G"]
[Result "0-1"]
[WhiteTitle "WGM"]
[BlackTitle "GM"]
[WhiteElo "2330"]
[BlackElo "2618"]
[WhiteTeam "Luxembourg"]
[BlackTeam "Slovenia"]
[WhiteFideId "4000510"]
[BlackFideId "14602377"]
[EventDate "2014.08.02"]

1. e4 e6 2. d4 d5 3. Nc3 Bb4 4. e5 c5 5. a3 Bxc3+ 6. bxc3 Ne7 7. Nf3 Qc7 8. Bd3
b6 9. O-O Ba6 10. Ng5 Bxd3 11. cxd3 cxd4 12. cxd4 Nbc6 13. Be3 Qd7 14. Kh1 Nf5
15. Qg4 O-O-O 16. a4 Kb7 17. Rfb1 Ka8 18. Qd1 Nfxd4 19. a5 b5 20. Bxd4 Nxd4 21.
a6 Rb8 22. Qg4 Nf5 23. Nf3 Rhc8 24. Qf4 h5 25. h3 Qe7 26. Ra2 Rb6 27. Rab2 Rcb8
28. Rb4 h4 29. Qd2 Rxa6 30. Rxb5 Rxb5 31. Rxb5 Rb6 32. Rxb6 axb6 33. Qb2 Qc5 34.
d4 Qc7 35. Qb5 Kb7 36. Qe8 Qe7 37. Qb5 Qd8 38. Kh2 Qc8 39. Qb4 Qd7 40. Nd2 Ne7
41. Nb3 Kc7 42. Qa3 Kd8 43. Qb4 Qc7 44. Nd2 Ke8 45. Nf3 Nf5 46. Qa4+ Qd7 47.
Qa8+ Qd8 48. Qa3 f6 49. exf6 gxf6 50. Qa7 b5 51. Kg1 Qc8 52. Qb6 Qd7 53. Nd2 Kf7
54. Nf3 Kg7 55. Kh1 Kh6 56. Qb8 Kg7 57. Qb6 Kf8 58. Kg1 Kf7 59. Kh1 Ne7 60. Nxh4
Qc6 61. Qb8 Qc3 62. Qxb5 Qc1+ 63. Kh2 Qf4+ 64. g3 Qxf2+ 65. Ng2 Qxd4 66. Qd7 Qc5
67. h4 d4 68. Nf4 Qc2+ 69. Kg1 Qb3 70. Kh2 e5 71. Ng2 Qd5 72. Qg4 d3 73. Ne3
Qa2+ 74. Kg1 d2 75. Qd1 Nc6 76. Qh5+ Ke6 77. Qf5+ Ke7 78. Qh7+ Kd8 79. Qd3+ Nd4
80. Nd1 Ke7 81. Kf2 Qd5 82. Ke3 Qg2 83. Qh7+ Kd6 84. Qh5 Qxg3+ 85. Kxd2 Qh2+ 86.
Ke3 Qf4+ 87. Kd3 Qf1+ 88. Kd2 Qg2+ 89. Ke3 f5 90. Qh6+ Ne6 91. Nc3 Qc2 92. Ne2
f4+ 93. Kf2 e4 94. Ke1 Qb1+ 95. Kf2 Qb2 96. Qg6 Qb6+ 0-1

[Event "Olimpiade 2014 - Open"]
[Site "Tromsø"]
[Date "12.08.2014"]
[Round "10.28"]
[Board "3"]
[White "Borisek, Jure"]
[Black "Berend, Fred"]
[Result "1-0"]
[WhiteTitle "GM"]
[BlackTitle "IM"]
[WhiteElo "2569"]
[BlackElo "2380"]
[WhiteTeam "Slovenia"]
[BlackTeam "Luxembourg"]
[WhiteFideId "14603152"]
[BlackFideId "4000102"]
[EventDate "2014.08.02"]

1. e4 e5 2. Nf3 Nc6 3. Bb5 Nf6 4. d3 Bc5 5. c3 O-O 6. O-O Re8 7. Bg5 h6 8. Bh4
Be7 9. Nbd2 d6 10. Re1 Bd7 11. Nf1 Nh7 12. Bg3 g6 13. d4 Bf6 14. dxe5 Nxe5 15.
Bxd7 Nxd7 16. Qd5 Qb8 17. Rad1 Bg7 18. Qd2 a5 19. Nd4 a4 20. f3 Nhf6 21. Ne3 Nh5
22. Bf2 Kh7 23. Nb5 Nf4 24. c4 Nc5 25. Qc2 Nce6 26. Nd5 Be5 27. Be3 c6 28. Nxf4
Nxf4 29. Nc3 a3 30. g3 Ne6 31. f4 Bg7 32. b3 Re7 33. Kg2 Qh8 34. Ne2 Rd8 35. h4
Bb2 36. h5 Nf8 37. Rh1 Kg8 38. hxg6 fxg6 39. e5 Rdd7 40. Rh4 g5 41. Rh5 Qg7 42.
Rdh1 Re6 43. c5 Bxe5 44. fxg5 Qg6 45. Qxg6+ Nxg6 46. gxh6 Kh7 47. Bc1 dxc5 48.
Rf1 Bb2 49. Nf4 Nxf4+ 50. Bxf4 Bd4 51. Kf3 Rf7 52. Rh2 Re3+ 53. Kg4 Rc3 54. Re2
c4 55. bxc4 Rxc4 56. Re4 c5 57. Rf3 Rc3 58. Rxc3 Bxc3 59. Kh5 Rf5+ 60. Kg4 Rf7
61. Kg5 b5 62. g4 b4 63. Kh5 b3 64. g5 Rxf4 65. Rxf4 Kg8 66. Kg6 Bh8 67. h7# 1-0

[Event "Olimpiade 2014 - Open"]
[Site "Tromsø"]
[Date "12.08.2014"]
[Round "10.28"]
[Board "4"]
[White "Jeitz, Christian"]
[Black "Tratar, Marko"]
[Result "0-1"]
[BlackTitle "GM"]
[WhiteElo "2189"]
[BlackElo "2490"]
[WhiteTeam "Luxembourg"]
[BlackTeam "Slovenia"]
[WhiteFideId "4000803"]
[BlackFideId "14600684"]
[EventDate "2014.08.02"]

1. e4 c5 2. Nf3 e6 3. g3 Nc6 4. Bg2 Nf6 5. Qe2 e5 6. O-O Be7 7. c3 O-O 8. d3 h6
9. Nbd2 Re8 10. Nc4 Bf8 11. Ne3 d5 12. exd5 Nxd5 13. Nxd5 Qxd5 14. Ne1 Qd7 15.
Be3 Qc7 16. Qh5 Be6 17. f4 exf4 18. Bxf4 Qd7 19. Qd1 Rad8 20. Qd2 b6 21. h4 Ne7
22. b3 Ng6 23. Rd1 Nxf4 24. Qxf4 Bd6 25. Qf2 Bg4 26. Rd2 Be5 27. Rc2 Re6 28. Be4
Rf6 29. Qe3 Rxf1+ 30. Kxf1 Qd6 31. Kg2 Re8 32. Qf2 f5 33. Bxf5 Rf8 34. Bxg4
Rxf2+ 35. Rxf2 Bxg3 36. Re2 Bxh4 37. Be6+ Kf8 38. Nc2 Qg3+ 39. Kh1 Qxd3 40. Bc4
Qxc3 41. Ne3 g6 42. Nd5 Qf3+ 0-1

[Event "Olimpiade 2014 - Open"]
[Site "Tromsø"]
[Date "12.08.2014"]
[Round "10.29"]
[Board "3"]
[White "Gerzhoy, Leonid"]
[Black "Ringoir, Tanguy"]
[Result "1/2-1/2"]
[WhiteTitle "IM"]
[BlackTitle "IM"]
[WhiteElo "2473"]
[BlackElo "2508"]
[WhiteTeam "Canada"]
[BlackTeam "Belgium"]
[WhiteFideId "2806126"]
[BlackFideId "208027"]
[EventDate "2014.08.02"]

1. c4 e5 2. g3 Nf6 3. Bg2 d5 4. cxd5 Nxd5 5. Nc3 Nb6 6. Nf3 Nc6 7. O-O Be7 8.
Rb1 a5 9. d3 Be6 10. b3 O-O 11. Na4 f6 12. Nxb6 cxb6 13. Bb2 Bc5 14. Rc1 Qd7 15.
Nd2 Rac8 16. Ne4 Qe7 17. e3 Ba3 18. Qe2 Bxb2 19. Qxb2 Nb4 20. Qe2 Qd7 21. d4
exd4 22. exd4 Rxc1 23. Rxc1 Re8 24. Qd2 Rd8 25. Rd1 Bd5 26. Nc3 Bxg2 27. Kxg2
Nd5 28. Nxd5 Qxd5+ 29. Kg1 Re8 30. Re1 Rxe1+ 31. Qxe1 Kf7 32. Qc3 Qc6 33. Qd3
Qd5 34. h4 h6 35. a4 Ke6 36. Kf1 g5 37. hxg5 hxg5 38. Ke2 Kd6 39. Kd2 g4 40. Qe3
Kd7 41. Qd3 Kd6 42. Kc3 Qh1 43. Kb2 Qe1 44. Qc2 Qb4 45. Qd3 b5 46. axb5 a4 47.
Qc4 Qd2+ 48. Ka3 axb3 49. Qc5+ Kd7 50. Qd5+ Kc7 51. Qc5+ Kd7 52. Qd5+ 1/2-1/2

[Event "Olimpiade 2014 - Open"]
[Site "Tromsø"]
[Date "12.08.2014"]
[Round "10.29"]
[Board "4"]
[White "Docx, Stefan"]
[Black "Sambuev, Bator"]
[Result "0-1"]
[WhiteTitle "IM"]
[BlackTitle "GM"]
[WhiteElo "2491"]
[BlackElo "2528"]
[WhiteTeam "Belgium"]
[BlackTeam "Canada"]
[WhiteFideId "200778"]
[BlackFideId "4128290"]
[EventDate "2014.08.02"]

1. d4 d5 2. c4 e6 3. Nf3 c6 4. g3 dxc4 5. Bg2 b5 6. a4 Bb7 7. O-O Nd7 8. b3 cxb3
9. Qxb3 b4 10. Ne5 Nxe5 11. dxe5 a5 12. Rd1 Qc7 13. Nd2 Ne7 14. Nc4 Nd5 15. Bb2
c5 16. Rac1 O-O-O 17. e4 Nb6 18. Rxd8+ Qxd8 19. Nxa5 Qc7 20. Nxb7 Kxb7 21. Bf1
Be7 22. a5 Nd7 23. Qa4 Rc8 24. Bd4 Ka8 25. f4 Nb8 26. Bf2 Nc6 27. Ba6 Rb8 28.
Bb5 Na7 29. Bc4 Qc6 30. Qb3 Nb5 31. f5 Na3 32. Bf1 Rc8 33. f6 gxf6 34. exf6 Bf8
35. e5 Kb8 36. Bg2 c4 37. Qd1 Qb5 38. Qf3 Bc5 39. Bxc5 Qxc5+ 40. Kh1 Qa7 41. Qd1
Nb5 42. Qg4 Qe3 43. Rf1 b3 44. Qh5 Qa7 45. Qxh7 c3 46. Qd3 Qa6 0-1

[Event "Olimpiade 2014 - Open"]
[Site "Tromsø"]
[Date "12.08.2014"]
[Round "10.30"]
[Board "1"]
[White "Nyback, Tomi"]
[Black "Zaibi, Amir"]
[Result "1-0"]
[WhiteTitle "GM"]
[BlackTitle "FM"]
[WhiteElo "2591"]
[BlackElo "2297"]
[WhiteTeam "Finland"]
[BlackTeam "Tunisia"]
[WhiteFideId "503142"]
[BlackFideId "5500796"]
[EventDate "2014.08.02"]

1. d4 d5 2. c4 c6 3. Nf3 Nf6 4. e3 g6 5. Be2 Bg7 6. O-O O-O 7. Nc3 a6 8. a4 a5
9. b3 Na6 10. Ba3 Nb4 11. Bxb4 axb4 12. Na2 dxc4 13. Bxc4 c5 14. dxc5 Qa5 15.
Qe1 Ne4 16. Nd4 Qxc5 17. Qxb4 Qxb4 18. Nxb4 Nd2 19. Rfc1 Nxc4 20. Rxc4 b5 21.
Rcc1 bxa4 22. Rxa4 Bd7 23. Rxa8 Rxa8 24. Nd5 Rb8 25. Rc7 Bxd4 26. exd4 Rxb3 27.
f3 Bb5 28. Nxe7+ Kf8 29. Nc8 Rb1+ 30. Kf2 Rb2+ 31. Ke3 Rxg2 32. Nd6 Re2+ 33. Kf4
Ba4 34. Rxf7+ Kg8 35. Ra7 Bd1 36. Ne4 Rxh2 37. Nf6+ Kf8 38. Nxh7+ Ke8 39. Nf6+
Kd8 40. d5 Rf2 41. Ra8+ Ke7 42. d6+ Kxf6 43. d7 Rd2 44. d8=Q+ Rxd8 45. Rxd8 g5+
46. Kg4 Be2 47. Rd6+ Kg7 48. Rd2 Bc4 49. Kxg5 Be6 50. f4 Bb3 51. f5 Bc4 52. Rd7+
Bf7 53. Rc7 Kg8 54. Kf6 Ba2 55. Rc8+ Kh7 56. Ke7 Bb3 57. f6 Kg6 58. Rc3 1-0

[Event "Olimpiade 2014 - Open"]
[Site "Tromsø"]
[Date "12.08.2014"]
[Round "10.30"]
[Board "2"]
[White "Boudriga, Med Ali"]
[Black "Karttunen, Mika"]
[Result "1-0"]
[WhiteTitle "FM"]
[BlackTitle "IM"]
[WhiteElo "2282"]
[BlackElo "2437"]
[WhiteTeam "Tunisia"]
[BlackTeam "Finland"]
[WhiteFideId "5500460"]
[BlackFideId "502081"]
[EventDate "2014.08.02"]

1. e4 Nc6 2. Nf3 d6 3. d4 Nf6 4. Nc3 Bg4 5. Be3 e5 6. d5 Nb8 7. h3 Bxf3 8. Qxf3
Nbd7 9. g4 g6 10. O-O-O a6 11. h4 h5 12. g5 Ng8 13. Bh3 Bg7 14. Ne2 b5 15. Kb1
Ne7 16. c4 bxc4 17. Rc1 Rb8 18. Rxc4 Rb7 19. Ng3 O-O 20. Qe2 Nc5 21. Bxc5 dxc5
22. Rxc5 Qd6 23. Rhc1 Ra8 24. Qc2 Raa7 25. Qa4 Rb8 26. b3 Bf8 27. Nf1 c6 28. Ne3
cxd5 29. exd5 e4 30. Qxe4 Bg7 31. f4 Rab7 32. Ra5 Rxb3+ 33. axb3 Rxb3+ 34. Kc2
Qb6 35. Kd2 Qxa5+ 36. Ke2 Qa3 37. Rd1 Rb4 38. Qd3 Rb3 39. Qe4 Rb4 40. Qd3 Qxd3+
41. Rxd3 Rxf4 42. d6 Nc6 43. d7 Nd8 44. Nd5 Re4+ 45. Kf1 Kf8 46. Rb3 Be5 47. Bg2
Rd4 48. Re3 Rxd5 49. Bxd5 f6 50. gxf6 Bxf6 51. Re4 a5 52. Ke2 a4 53. Kd1 g5 54.
Re8+ Kg7 55. Rg8+ Kh7 56. hxg5 Be7 57. Ke2 a3 58. Kf3 Nc6 59. g6+ Kh6 60. Bxc6
a2 1-0

[Event "Olimpiade 2014 - Open"]
[Site "Tromsø"]
[Date "12.08.2014"]
[Round "10.30"]
[Board "3"]
[White "Agopov, Mikael"]
[Black "Bouzidi, Ahmed"]
[Result "1-0"]
[WhiteTitle "IM"]
[WhiteElo "2431"]
[BlackElo "2231"]
[WhiteTeam "Finland"]
[BlackTeam "Tunisia"]
[WhiteFideId "501840"]
[BlackFideId "5501733"]
[EventDate "2014.08.02"]

1. e4 e5 2. Nf3 Nc6 3. Bb5 f5 4. Nc3 fxe4 5. Nxe4 Nf6 6. Nxf6+ Qxf6 7. Qe2 Bd6
8. d4 O-O 9. Bxc6 bxc6 10. dxe5 Bxe5 11. Qxe5 Qxe5+ 12. Nxe5 Re8 13. Bf4 d6 14.
O-O-O dxe5 15. Rde1 e4 16. Bxc7 Bg4 17. Re3 Re6 18. Rhe1 Rae8 19. Ra3 Rf8 20.
Bg3 Rf7 21. Ra4 Bf5 22. Rd1 h6 23. Bf4 Re8 24. Be3 Rc7 25. b3 Ra8 26. Ra5 Bg6
27. Rd6 Bf7 28. Bb6 Rcc8 29. Rxa7 Rxa7 30. Bxa7 Ra8 31. Rd7 Bd5 32. a4 Be6 33.
Rc7 Rc8 34. Rxc8+ Bxc8 35. Kd2 Kf7 36. Ke3 g6 37. Kd4 Ke7 38. Kc5 Bf5 39. Kxc6
e3 40. Bxe3 h5 41. a5 Bxc2 42. b4 Kd8 43. g3 Be4+ 44. Kb6 Kc8 45. Bf4 Bd3 46. a6
Be2 47. b5 1-0